000 00574nam a2200193 a 4500
005 20250307063826.0
008 030526s1992 mx r 000 0 spa d
020 _a8477381658
035 _aUPN01000124625
049 _aCG
050 4 _aF1411
_bP4.2
100 1 _aPérez Herrero, Pedro
245 1 0 _aAmérica Latina y el colonialismo europeo :
_bsiglos XVI-XVIII /
_cPedro Pérez Herrero.
260 _aMadrid :
_bSíntesis,
_c1992.
300 _a280 p.
440 0 _aHistoria universal moderna ;
_v14
651 4 _aAmérica Latina
_xCivilización
_92733
905 _aLibro
999 _c96804
_d96804